00526nam a22001817a 450000500170000000800410001702000180005802400150007604000230009105000120011410000170012624500910014330000250023450000420025965000130030165000080031465000220032220241126081203.0241126b |||||||| |||| 00| 0 eng d a9781857994490 q1857994493 aKMUcKMUdKMUerda aQD 466  aAtkins,Peter aThe periodic Kingdom:bA journey into the land of the chemical elements/cPeter Atkins a194 p.:bill.;c15cm aInclude an index and periodical table aPeriodic aMap aChemical elements